Normal view
MARC view
- Finch, Gerard B.
Entry Personal Name
001 - CONTROL NUMBER
- control field: 40462
003 - CONTROL NUMBER IDENTIFIER
- control field: OSt
005 - DATE AND TIME OF LATEST TRANSACTION
- control field: 20160726141119.0
008 - FIXED-LENGTH DATA ELEMENTS
- fixed length control field: 160726|| aca||aabn | a|a d
040 ## - CATALOGING SOURCE
- Original cataloging agency: OSt
100 1# - HEADING--PERSONAL NAME
- Personal name: Finch, Gerard B.
- Dates associated with a name: 1835-1913
- Fuller form of name: (Gerard Brown),
400 ## - SEE FROM TRACING--PERSONAL NAME
- Personal name: Finch, G. B.
- Dates associated with a name: 1835-1913
- Fuller form of name: (Gerard Brown),